000
00284nam a22001337a 4500
008
221011b ||||| |||| 00| 0 eng d
041
_a
eng
080
_a
61
082
_a
61
100
_a
5
101
_a
MJEK
245
_a
A MANUAL OF TROPICAL MEDICINE
_c
MACKIE
942
_2
udc
_c
BK
999
_c
58480
_d
58480